Efemérides, 1939-1989 : (Record no. 6716)

MARC details
000 -LEADER
campo de control de longitud fija 01166nam a2200289 i 4500
001 - NÚMERO DE CONTROL
campo de control 6716
003 - IDENTIFICADOR DE NÚMERO DE CONTROL
campo de control ES-MaACL
005 - FECHA Y HORA DE LA ÚLTIMA TRANSACCIÓN
campo de control 20250812095040.0
008 - DATOS DE LONGITUD FIJA--INFORMACIÓN GENERAL
campo de control de longitud fija 900301s1989 sp o |||| | spa d
020 ## - NÚMERO INTERNACIONAL ESTÁNDAR DEL LIBRO
Número Internacional Estándar del Libro 84-404-4044-8
080 ## - NÚMERO DE LA CLASIFICACIÓN DECIMAL UNIVERSAL
Número de la Clasificación Decimal Universal 94(460)"19"(0:77)(083.824)
080 ## - NÚMERO DE LA CLASIFICACIÓN DECIMAL UNIVERSAL
Número de la Clasificación Decimal Universal 77(460)"19"(083.824)
245 00 - MENCIÓN DEL TÍTULO
Título Efemérides, 1939-1989 :
Resto del título [exposición] /
Mención de responsabilidad, etc. dirección y coordinación, Beatriz de Laiglesia.
260 ## - PUBLICACIÓN, DISTRIBUCIÓN, ETC.
Lugar de publicación, distribución, etc. Madrid :
Nombre del editor, distribuidor, etc. Agencia Efe,
Fecha de publicación, distribución, etc. 1989.
300 ## - DESCRIPCIÓN FÍSICA
Extensión 315 p. :
Otras características físicas principalmente fot. ;
Dimensiones 30 cm.
585 ## - NOTA DE EXPOSICIONES
Nota de exposiciones Catálogo de la exposición celebrada en Madrid, en 1989, con motivo del 50 aniversario de la Agencia Efe.
650 #4 - PUNTO DE ACCESO ADICIONAL DE MATERIA--TÉRMINO DE MATERIA
Término de materia o nombre geográfico como elemento de entrada Fotografía periodística-
Subdivisión geográfica España-
Subdivisión de forma Exposiciones.
9 (RLIN) 137899
650 #4 - PUNTO DE ACCESO ADICIONAL DE MATERIA--TÉRMINO DE MATERIA
Término de materia o nombre geográfico como elemento de entrada Fotografía-
Subdivisión geográfica España-
Subdivisión cronológica S.XX-
Subdivisión de forma Exposiciones.
9 (RLIN) 173401
651 #4 - PUNTO DE ACCESO ADICIONAL DE MATERIA--NOMBRE GEOGRÁFICO
Nombre geográfico España-
Subdivisión general Historia-
Subdivisión cronológica 1939-1975, Dictadura-
Subdivisión de forma Obras ilustradas.
9 (RLIN) 172539
651 #4 - PUNTO DE ACCESO ADICIONAL DE MATERIA--NOMBRE GEOGRÁFICO
Nombre geográfico España-
Subdivisión general Historia-
Subdivisión cronológica 1975-2014, Juan Carlos I-
Subdivisión de forma Obras ilustradas.
9 (RLIN) 173406
655 #7 - TERMINO DE INDIZACIÓN--GENERO/FORMA
Fuente del término tgfbne
9 (RLIN) 193628
Datos o término principal de género/forma Catálogos de exposiciones
700 1# - ENTRADA AGREGADA--NOMBRE PERSONAL
Nombre de persona Laiglesia, Beatriz de.
9 (RLIN) 69668
710 2# - ENTRADA AGREGADA--NOMBRE DE ENTIDAD CORPORATIVA
Nombre de entidad corporativa o nombre de jurisdicción como elemento de entrada Agencia EFE
9 (RLIN) 1264
852 ## - LOCALIZACIÓN
Ubicación ES-MaACL
Número de control de estantería B-261
942 ## - ELEMENTOS DE ENTRADA SECUNDARIOS (KOHA)
Fuente del sistema de clasificación o colocación Clasificación decimal universal
Holdings
Estatus retirado Estado de pérdida Estado de daño No para préstamo Biblioteca de origen Biblioteca actual Ubicación en estantería Fecha de adquisición Fuente de adquisición Total de préstamos Signatura topográfica completa Código de barras Visto por última vez Precio de reemplazo Tipo de ítem Koha
        Biblioteca del Ateneo de Madrid Biblioteca del Ateneo de Madrid Sala Pardo Bazán 17/01/2008     B-261 1006843 23/02/2023 23/02/2023 Libro impreso